000 00535nam a2200181 i 4500
001 48938
003 ES-MaACL
005 20230906161841.0
007 t|
008 030702s1969 sp ||||1| spa d
100 1 _aCoriat, León.
_940590
245 1 0 _aPequeña guía de la salud /
_cLeón Coriat, G. Erlich ; [traducción de Roser Berdagué].
260 _aBarcelona :
_bAymá,
_c[1969]
300 _a204 p. ;
_c21 cm.
700 1 _aErlich, G.
_947407
700 1 _aBerdagué, Roser.
_927859
852 _aES-MaACL
_jC-47024
_bR.75238
999 _c48938
_d48938